Religious women in golden age Spain: the permeable cloister

Saved in:  
Bibliographic Details
Main Author: Lehfeldt, Elizabeth A. 1966- (Author)
Format: Print Book
Language:English
Subito Delivery Service: Order now.
Check availability: HBZ Gateway
WorldCat: WorldCat
Interlibrary Loan:Interlibrary Loan for the Fachinformationsdienste (Specialized Information Services in Germany)
Published: Aldershot, Hamps., England Burlington, VT Ashgate c 2005
In:Year: 2005
Reviews:[Rezension von: Lehfeldt, Elizabeth A., Religious Women in Golden Age Spain: The Permeable Cloister] (2006) (MacKay, Ruth)
Series/Journal:Women and gender in the early modern world
Standardized Subjects / Keyword chains:B Spain / Women's religious order / History 1450-1650
B Spain / Woman / Society / Holy See (motif) / Religious life / History 1450-1650
B Valladolid / Convent (motif) / History 1450-1650
Further subjects:B Catholic Church (Spain) (Valladolid) History Modern period, 1500-
B Convents (Spain) (Valladolid) History
B Monastic And Religious Life Of Women (Spain) (Valladolid) History
B Valladolid (Spain) Church history
Online Access: Table of Contents
Review

MARC

LEADER 00000cam a2200000 c 4500
001 389437727
003 DE-627
005 20251223203618.0
007 tu
008 040623s2005 xxk||||| 00| ||eng c
010 |a  2004013247 
016 7 |a 013080451  |2 UK 
020 |a 0754650235  |c alk. paper  |9 0-7546-5023-5 
024 3 |a 9780754650232 
024 8 |a 2004013247  |q Identnummer 
035 |a (DE-627)389437727 
035 |a (DE-576)11564198X 
035 |a (DE-599)GBV389437727 
035 |a (OCoLC)845701268 
035 |a (OCoLC)55665744 
035 |a (AT-OBV)AC05047910 
040 |a DE-627  |b ger  |c DE-627  |e rakwb 
041 |a eng 
044 |c XA-GB  |c XD-US 
050 0 |a BX4220.S7 
082 0 |a 271/.9004623/09031  |q LOC  |2 22 
082 0 |a 271.90046230903 
084 |a 7,34  |2 ssgn 
084 |a 1  |2 ssgn 
084 |a 15.66  |2 bkl 
084 |a 11.54  |2 bkl 
090 |a a 
100 1 |0 (DE-588)131518763  |0 (DE-627)509961495  |0 (DE-576)188769005  |4 aut  |a Lehfeldt, Elizabeth A.  |d 1966- 
109 |a Lehfeldt, Elizabeth A. 1966- 
245 1 0 |a Religious women in golden age Spain  |b the permeable cloister  |c Elizabeth A. Lehfeldt 
263 |a 0503 
264 1 |a Aldershot, Hamps., England  |a Burlington, VT  |b Ashgate  |c c 2005 
300 |a IX, 241 S 
336 |a Text  |b txt  |2 rdacontent 
337 |a ohne Hilfsmittel zu benutzen  |b n  |2 rdamedia 
338 |a Band  |b nc  |2 rdacarrier 
490 0 |a Women and gender in the early modern world 
500 |a Includes bibliographical references and index 
505 8 |a Bound together in community : convents and their patronsBlurring the boundaries : convents as estate managers -- Litigious behavior : convents and lawsuits -- A carpenter resisted : late medieval monastic reform -- Habits of reform : religious women before Trent -- The cloister and the world. 
505 8 |a Bound together in community : convents and their patrons -- Blurring the boundaries : convents as estate managers -- Litigious behavior : convents and lawsuits -- A carpenter resisted : late medieval monastic reform -- Habits of reform : religious women before Trent -- The cloister and the world 
583 1 |a Archivierung prüfen  |c 20200919  |f DE-640  |z 1  |2 pdager 
583 1 |a Archivierung/Langzeitarchivierung gewährleistet  |f SSG  |x XA-DE-BW  |2 pdager  |5 DE-21 
610 1 0 |a Catholic Church  |z Spain  |z Valladolid  |x History  |y Modern period, 1500- 
650 0 |a Monastic And Religious Life Of Women  |z Spain  |z Valladolid  |x History 
650 0 |a Convents  |z Spain  |z Valladolid  |x History 
651 0 |a Valladolid (Spain)  |x Church history 
689 0 0 |d g  |0 (DE-588)4055964-6  |0 (DE-627)104616806  |0 (DE-576)209116080  |2 gnd  |a Spanien 
689 0 1 |d s  |0 (DE-588)4123224-0  |0 (DE-627)105756717  |0 (DE-576)209557893  |2 gnd  |a Frauenorden 
689 0 2 |q z  |2 gnd  |a Geschichte 1450-1650 
689 0 |5 DE-101 
689 1 0 |d g  |0 (DE-588)4055964-6  |0 (DE-627)104616806  |0 (DE-576)209116080  |2 gnd  |a Spanien 
689 1 1 |d s  |0 (DE-588)4018202-2  |0 (DE-627)104270705  |0 (DE-576)208923209  |2 gnd  |a Frau 
689 1 2 |d s  |0 (DE-588)4020588-5  |0 (DE-627)106317520  |0 (DE-576)208933956  |2 gnd  |a Gesellschaft 
689 1 3 |d b  |0 (DE-588)2009545-4  |0 (DE-627)101659261  |0 (DE-576)191644501  |2 gnd  |a Katholische Kirche 
689 1 4 |d s  |0 (DE-588)4115741-2  |0 (DE-627)10581203X  |0 (DE-576)209495677  |2 gnd  |a Religiöses Leben 
689 1 5 |q z  |2 gnd  |a Geschichte 1450-1650 
689 1 |5 DE-101 
689 2 0 |d g  |0 (DE-588)4119355-6  |0 (DE-627)105784753  |0 (DE-576)209525924  |2 gnd  |a Valladolid 
689 2 1 |d s  |0 (DE-588)4071432-9  |0 (DE-627)106097725  |0 (DE-576)209183942  |2 gnd  |a Frauenkloster 
689 2 2 |q z  |2 gnd  |a Geschichte 1450-1650 
689 2 |5 (DE-627) 
787 0 8 |i Rezensiert in  |a MacKay, Ruth  |t [Rezension von: Lehfeldt, Elizabeth A., Religious Women in Golden Age Spain: The Permeable Cloister]  |d 2006  |w (DE-627)1802395245 
856 4 2 |u http://www.loc.gov/catdir/toc/ecip0418/2004013247.html  |v 2015-01-15  |x Verlag  |3 Inhaltsverzeichnis  |7 1 
856 4 2 |u http://www.sehepunkte.de/2006/02/7907.html  |m V:DE-576;X:Sehepunkte  |q text/html  |v 20180424124019  |3 Rezension  |7 1 
935 |a mteo 
935 |i sf 
935 |i Blocktest 
936 b k |a 15.66  |j Spanien  |j Portugal  |x Geschichte  |0 (DE-627)181571447 
936 b k |a 11.54  |j Katholizismus  |0 (DE-627)106402668 
951 |a BO 
ELC |b 1 
ITA |a 1  |t 1 
LOK |0 000 xxxxxcx a22 zn 4500 
LOK |0 001 3194518410 
LOK |0 003 DE-627 
LOK |0 004 389437727 
LOK |0 005 20050510000000 
LOK |0 008 050222||||||||||||||||ger||||||| 
LOK |0 040   |a DE-21  |c DE-627  |d DE-21 
LOK |0 852   |a DE-21 
LOK |0 852 1  |c 45 A 2961  |9 00 
LOK |0 866   |x gh 
LOK |0 935   |a theo 
LOK |0 936ln  |a t3.3 
LOK |0 938   |l 10/05/05  |8 6 
LOK |0 939   |a 22-02-05  |b l01 
ORI |a SA-MARC-ixtheoa001.raw 
STA 0 0 |a Convent (motif),Convent,Monastery,Cloister,Convents,Holy See (motif),Catholic church,Catholic Church,Catholic Church,Former pilgrimage church Saint Ottilia,Religious life,Religious life and customs,Society,Society,Society in art,Spain,Woman,Adult woman,Women,Women,Women in art,Women's religious order,Feminine religious order,Order,Woman 
STB 0 0 |a Femme,Femme,Femmes,Femmes,Monastère de femmes (motif),Monastère de femmes,Couvent de femmes,Couvent de femmes,Couvents,Ordre religieux féminin,Saint-Siège (motif),Église catholique,Église catholique,Société,Société,Vie religieuse 
STC 0 0 |a Congregación,orden femenina,orden femenina,Convento femenino,Movimiento juvenil católico,Mujer,Mujer,Mujeres,Sociedad,Sociedad,Sociedad,Vida religiosa 
STD 0 0 |a Chiesa cattolica,Convento femminile,Donna,Donna,Ordini religiosi femminili,Società,Società,Vita religiosa 
STE 0 0 |a 天主教会,罗马公教,女人,女人,女残疾人土,妇女,女子,妇女,女子,女修会,妇女修会,女修道院,女修院,修女修道院,宗教生活,宗教生命,社会 
STF 0 0 |a 天主教會,羅馬公教,女人,女人,女殘疾人土,婦女,女子,婦女,女子,女修會,婦女修會,女修道院,女修院,修女修道院,宗教生活,宗教生命,社會 
STG 0 0 |a Congregação,ordem feminina,ordem feminina,Convento feminino,Igreja católica,Mulher,Mulher,Sociedade,Sociedade,Vida religiosa 
STH 0 0 |a Женский монастырь,Женский монашеский орден,Женщина (мотив),Женщина,Католическая церковь (мотив),Общество (мотив),Общество,Религиозная жизнь 
STI 0 0 |a Γυναίκα (μοτίβο),Γυναίκα,Γυναικείο μοναστήρι,Θρησκευτικά τάγματα γυναικών,Θρησκευτική ζωή,Καθολική Εκκλησία (μοτίβο),Κοινωνία (μοτίβο),Κοινωνία 
SYG 0 0 |a Vicalvarada,Spain , Isbāniyā,Spain,Espagne,Estado Español,España,Espanja,Hispania,Königreich Spanien , Nonnenorden,Nonne , Vicalvarada,Spain , Isbāniyā,Spain,Espagne,Estado Español,España,Espanja,Hispania,Königreich Spanien , Frauen,Frauendarstellung,Frauengestalt,Frauenbild,Erwachsene Frau,Weib,Weibliche Erwachsene,Frauen , Society,Bürgergesellschaft,Bürgerliche Gesellschaft , Katolikus Egyház,RCC,Katoličeskaj Cerkovʹ,Katoličke Cerkve,Katolska Cyrkej,Katolske Kirke,Ecclesia Catholica,Igreja Católica,Römisch-Katholische Kirche,Katholikē Ekklēsia,Catholic Church,Roman Catholic Church,Eglise Catholique,Eglise Catholique Romaine,Chiesa Cattolica,Katholieke Kerk,Iglesia Católica,Katolické Církve,Kościoł Katolicki,Katoličke Crkve,Eglise catholique romaine,Chiesa cattolica romana,Roman catholic Church,Eglise catholique,Römische Kirche , Eglise catholique,Roman Catholic Church,Catholic Church , Ehemalige Wallfahrtskirche Sankt Ottilia , Balad Walid , Nonnenkloster,Frauenklöster,Nonne 
TIM |a 100014500101_100016501231  |b Geschichte 1450-1650